00401nam a22001577a 450000500170000000800410001702000270005804000090008504100110009408200160010510000240012124500390014526000300018430000080021465000210022220260530125611.0260530b |||||||| |||| 00| 0 eng d a9783111356136c3699.11 aMAIN aGerman a801.93bHAN aBerndt, Frauke (ed) aHandbuch Literatur And Philosophie aBerlin bDe Gruyterc2023 a614 aGerman Language